| 000 | 00781 aa a2200217 4500 | ||
|---|---|---|---|
| 005 | 2012052203403.0 | ||
| 010 | _a | ||
| 020 |
_c100.00 _a8178570912 |
||
| 035 | _aB-69075 | ||
| 037 | _bpub | ||
| 082 | _a551 | ||
| 100 |
_a पालीवाल, दिनेश _947735 |
||
| 245 |
_aधरती की कहानी / _cदिनेश पालीवाल |
||
| 246 |
_a _b |
||
| 260 |
_aदिल्ली _bसाहित्य प्रकाशन _c2001 |
||
| 270 |
_a _b _e |
||
| 300 |
_a87पृ _c22 सेमी (सजिल्द) |
||
| 490 |
_a _947736 |
||
| 942 |
_adpl _cHN _k _2ddc _h551 _mपालीवा |
||
| 999 |
_c67026 _d67026 |
||